000 00868cab a2200241 4500
001 WB3016-06
008 090401t1994 xxu||||| |||| 00| 0 eng d
035 _a(Sirsi) u36810
041 _aeng
245 _aMundic demarcation
260 _c1994
350 _a0
490 _aNew Civil Engineer
_v(1083) 28 April 1994, 3(1)
520 _aOFT is preparing to mediate in a demarcation dispute between civil engineers and surveyors over the fact that the recent RICS guidance notes on mundic blocks omit chartered civil engineers and chartered builders from a list of recommended comstruction professionals.
650 _aCHARTERED BUILDERS
650 _aCHARTERED CIVIL ENGINEERS
650 _aCONSTRUCTION PROFESSIONALS
650 _aMUNDIC BLOCK
650 _aOFT
690 _aBUILT ENVIRONMENT-BUILDING PATHOLOGY
942 _n0
948 _c04/03/1997
999 _c23821
_d23821